Normal view
MARC view
Entry Personal Name
001 - CONTROL NUMBER
- control field: 165758
003 - CONTROL NUMBER IDENTIFIER
- control field: OSt
005 - DATE AND TIME OF LATEST TRANSACTION
- control field: 20220923222036.0
008 - FIXED-LENGTH DATA ELEMENTS
- fixed length control field: 220923|| aca||aabn | a|a d
040 ## - CATALOGING SOURCE
- Original cataloging agency: OSt
- Transcribing agency: OSt
100 ## - HEADING--PERSONAL NAME
- Personal name: वीरेशलिंगम, कंदुकूरि; रेड्डी, बालशौरि, अनु
670 ## - SOURCE DATA FOUND
- Source citation: Work cat.: (OSt)353502: वीरेशलिंगम, कंदुकूरि; रेड्डी, बालशौरि, अनु., संक्षिप्त आत्मकथा, अनु बालशौरि रेड्डी, 1976
